| 000 | 00696nab a2200217 a 4500 | ||
|---|---|---|---|
| 005 | 20210223131639.0 | ||
| 008 | 991125s1985 mx 000 0 spa u | ||
| 035 | _aUPN01000182962 | ||
| 222 | _aREVISTA DE LA EDUCACION SUPERIOR | ||
| 245 | _aLas instituciones de educación superior en el sistema regional de innovación de Baja California | ||
| 260 | _aMéxico | ||
| 300 | _a119-136 | ||
| 362 | 0 | _a2011 Vol. 40, no. 158 (2), abr.-jun. | |
| 653 | 0 | _aBAJA CALIFORNIA, MEXICO | |
| 653 | 0 | _aINSTITUCIONES EDUCATIVAS | |
| 653 | 0 | _aEDUCACION SUPERIOR | |
| 653 | 0 | _aSISTEMA REGIONAL DE INNOVACION | |
| 700 | 1 |
_aMungaray Lagarda, Alejandro _929565 |
|
| 700 | 1 | _ecoaut. | |
| 905 | _aArticulo | ||
| 999 |
_c155065 _d155065 |
||